La Revolución Copernicana

Furkejuvvon:
Bibliográfalaš dieđut
Váldodahkki: Kuhn, Thomas S.
Materiálatiipa: Girji
Giella:Undetermined
Almmustuhtton: Buenos Aires, Argentina Hyspamerica 1978
Fáttát:
Fáddágilkorat: Lasit fáddágilkoriid
Eai fáddágilkorat, Lasit vuosttaš fáddágilkora!

MARC

LEADER 00000nam a2200000Ia 4500
008 170316s9999 xx 000 0 und d
090 |a 100 K-28r 
100 |a Kuhn, Thomas S. 
245 |a La Revolución Copernicana 
260 |a Buenos Aires, Argentina 
260 |b Hyspamerica 
260 |c 1978 
300 |a 183 páginas Vol. I 
650 |a FILOSOFÍA 
650 |a EPISTEMOLOGÍA 
999 |c 16685  |d 16685 
040 |a cru BVZT 
942 |c 15 D  |h 100 K-28r  |2 z